<?xml version="1.0" encoding="UTF-8"?>
<collection xmlns="http://www.loc.gov/MARC21/slim">
 <record>
  <leader>03675nas a2200505   4500</leader>
  <controlfield tag="001">1/50518</controlfield>
  <controlfield tag="008">111103s20079999cn qnzp       0   z0eng d</controlfield>
  <datafield tag="022" ind1=" " ind2=" ">
   <subfield code="a">1911-382X</subfield>
  </datafield>
  <datafield tag="035" ind1=" " ind2=" ">
   <subfield code="l">44598</subfield>
  </datafield>
  <datafield tag="040" ind1=" " ind2=" ">
   <subfield code="a">DLC</subfield>
   <subfield code="d">GR-PeUP</subfield>
  </datafield>
  <datafield tag="090" ind1=" " ind2=" ">
   <subfield code="a">Αλφαβητική σειρά</subfield>
  </datafield>
  <datafield tag="245" ind1="0" ind2="0">
   <subfield code="a">Accounting perspectives :</subfield>
   <subfield code="b">a journal of the Canadian Academic Accounting Association = Perspectives comptables : revue de l'Association canadienne des professeurs de comptabilité.</subfield>
  </datafield>
  <datafield tag="260" ind1="0" ind2=" ">
   <subfield code="a">Toronto :</subfield>
   <subfield code="b">Canadian Academic Accounting Association = Association canadienne des professeurs de comptabilité,</subfield>
   <subfield code="c">c2007-</subfield>
  </datafield>
  <datafield tag="300" ind1=" " ind2=" ">
   <subfield code="a">τ. :</subfield>
   <subfield code="b">εικ. ;</subfield>
   <subfield code="c">26 εκ.</subfield>
  </datafield>
  <datafield tag="310" ind1=" " ind2=" ">
   <subfield code="a">4 φορές το χρόνο.</subfield>
  </datafield>
  <datafield tag="362" ind1="0" ind2=" ">
   <subfield code="a">Vol. 9, no. 1 (2010)-</subfield>
  </datafield>
  <datafield tag="546" ind1=" " ind2=" ">
   <subfield code="a">Αγγλική.</subfield>
  </datafield>
  <datafield tag="650" ind1=" " ind2="4">
   <subfield code="a">Accounting</subfield>
   <subfield code="z">Canada</subfield>
   <subfield code="v">Periodicals.</subfield>
  </datafield>
  <datafield tag="650" ind1=" " ind2="4">
   <subfield code="a">Accounting</subfield>
   <subfield code="v">Periodicals.</subfield>
  </datafield>
  <datafield tag="710" ind1="2" ind2=" ">
   <subfield code="a">Canadian Academic Accounting Association.</subfield>
  </datafield>
  <datafield tag="852" ind1=" " ind2=" ">
   <subfield code="a">INST</subfield>
   <subfield code="b">UNIPILB</subfield>
   <subfield code="c">SERIALS</subfield>
   <subfield code="e">20111103</subfield>
   <subfield code="h">Αλφαβητική σειρά</subfield>
   <subfield code="p">73254</subfield>
   <subfield code="q">73254</subfield>
   <subfield code="t">NOLOAN</subfield>
   <subfield code="v">vol.9;no.1:(Έτος)2010</subfield>
   <subfield code="y">23</subfield>
  </datafield>
  <datafield tag="852" ind1=" " ind2=" ">
   <subfield code="a">INST</subfield>
   <subfield code="b">UNIPILB</subfield>
   <subfield code="c">SERIALS</subfield>
   <subfield code="e">20111103</subfield>
   <subfield code="h">Αλφαβητική σειρά</subfield>
   <subfield code="p">73255</subfield>
   <subfield code="q">73255</subfield>
   <subfield code="t">NOLOAN</subfield>
   <subfield code="v">vol.9;no.2:(Έτος)2010</subfield>
   <subfield code="y">23</subfield>
  </datafield>
  <datafield tag="852" ind1=" " ind2=" ">
   <subfield code="a">INST</subfield>
   <subfield code="b">UNIPILB</subfield>
   <subfield code="c">SERIALS</subfield>
   <subfield code="e">20111103</subfield>
   <subfield code="h">Αλφαβητική σειρά</subfield>
   <subfield code="p">73256</subfield>
   <subfield code="q">73256</subfield>
   <subfield code="t">NOLOAN</subfield>
   <subfield code="v">vol.9;no.3:(Έτος)2010</subfield>
   <subfield code="y">23</subfield>
  </datafield>
  <datafield tag="852" ind1=" " ind2=" ">
   <subfield code="a">INST</subfield>
   <subfield code="b">UNIPILB</subfield>
   <subfield code="c">SERIALS</subfield>
   <subfield code="e">20111103</subfield>
   <subfield code="h">Αλφαβητική σειρά</subfield>
   <subfield code="p">73257</subfield>
   <subfield code="q">73257</subfield>
   <subfield code="t">NOLOAN</subfield>
   <subfield code="v">vol.9;no.4:(Έτος)2010</subfield>
   <subfield code="y">23</subfield>
  </datafield>
  <datafield tag="852" ind1=" " ind2=" ">
   <subfield code="a">INST</subfield>
   <subfield code="b">UNIPILB</subfield>
   <subfield code="c">SERIALS</subfield>
   <subfield code="e">20111103</subfield>
   <subfield code="h">Αλφαβητική σειρά</subfield>
   <subfield code="p">73258</subfield>
   <subfield code="q">73258</subfield>
   <subfield code="t">NOLOAN</subfield>
   <subfield code="v">vol.10;no.2:(Έτος)2011</subfield>
   <subfield code="y">23</subfield>
  </datafield>
  <datafield tag="852" ind1=" " ind2=" ">
   <subfield code="a">INST</subfield>
   <subfield code="b">UNIPILB</subfield>
   <subfield code="c">SERIALS</subfield>
   <subfield code="e">20111123</subfield>
   <subfield code="h">Αλφαβητική σειρά</subfield>
   <subfield code="p">73485</subfield>
   <subfield code="q">73485</subfield>
   <subfield code="t">NOLOAN</subfield>
   <subfield code="v">vol.10;no.3:(Έτος)2011</subfield>
   <subfield code="y">23</subfield>
  </datafield>
  <datafield tag="852" ind1=" " ind2=" ">
   <subfield code="a">INST</subfield>
   <subfield code="b">UNIPILB</subfield>
   <subfield code="c">SERIALS</subfield>
   <subfield code="e">20111123</subfield>
   <subfield code="h">Αλφαβητική σειρά</subfield>
   <subfield code="p">73486</subfield>
   <subfield code="q">73486</subfield>
   <subfield code="t">NOLOAN</subfield>
   <subfield code="v">vol.10;no.1:(Έτος)2011</subfield>
   <subfield code="y">23</subfield>
  </datafield>
  <datafield tag="852" ind1=" " ind2=" ">
   <subfield code="a">INST</subfield>
   <subfield code="b">UNIPILB</subfield>
   <subfield code="c">SERIALS</subfield>
   <subfield code="e">20120208</subfield>
   <subfield code="h">Αλφαβητική σειρά</subfield>
   <subfield code="p">74389</subfield>
   <subfield code="q">74389</subfield>
   <subfield code="t">NOLOAN</subfield>
   <subfield code="v">vol.10;no.4:(Έτος)2011</subfield>
   <subfield code="y">23</subfield>
  </datafield>
  <datafield tag="852" ind1=" " ind2=" ">
   <subfield code="a">INST</subfield>
   <subfield code="b">UNIPILB</subfield>
   <subfield code="c">SERIALS</subfield>
   <subfield code="e">20120601</subfield>
   <subfield code="h">Αλφαβητική σειρά</subfield>
   <subfield code="p">75642</subfield>
   <subfield code="q">75642</subfield>
   <subfield code="t">NOLOAN</subfield>
   <subfield code="v">vol.11;no.1:(Εποχή)Spring;(Έτος)2012</subfield>
   <subfield code="y">23</subfield>
  </datafield>
  <datafield tag="852" ind1=" " ind2=" ">
   <subfield code="a">INST</subfield>
   <subfield code="b">UNIPILB</subfield>
   <subfield code="c">SERIALS</subfield>
   <subfield code="e">20120924</subfield>
   <subfield code="h">Αλφαβητική σειρά</subfield>
   <subfield code="p">76571</subfield>
   <subfield code="q">76571</subfield>
   <subfield code="t">NOLOAN</subfield>
   <subfield code="v">vol.11;no.2:(Εποχή)Summer;(Έτος)2012</subfield>
   <subfield code="y">23</subfield>
  </datafield>
  <datafield tag="852" ind1=" " ind2=" ">
   <subfield code="a">INST</subfield>
   <subfield code="b">UNIPILB</subfield>
   <subfield code="c">SERIALS</subfield>
   <subfield code="e">20121105</subfield>
   <subfield code="h">Αλφαβητική σειρά</subfield>
   <subfield code="p">77012</subfield>
   <subfield code="q">77012</subfield>
   <subfield code="t">NOLOAN</subfield>
   <subfield code="v">vol.11;no.3:(Εποχή)Fall;(Έτος)2012</subfield>
   <subfield code="y">23</subfield>
  </datafield>
  <datafield tag="852" ind1=" " ind2=" ">
   <subfield code="a">INST</subfield>
   <subfield code="b">UNIPILB</subfield>
   <subfield code="c">SERIALS</subfield>
   <subfield code="e">20130225</subfield>
   <subfield code="h">Αλφαβητική σειρά</subfield>
   <subfield code="p">78171</subfield>
   <subfield code="q">78171</subfield>
   <subfield code="t">NOLOAN</subfield>
   <subfield code="v">vol.11;no.4:(Έτος)2012</subfield>
   <subfield code="y">23</subfield>
  </datafield>
  <datafield tag="852" ind1=" " ind2=" ">
   <subfield code="a">INST</subfield>
   <subfield code="b">UNIPILB</subfield>
   <subfield code="c">SERIALS</subfield>
   <subfield code="e">20131105</subfield>
   <subfield code="h">Αλφαβητική σειρά</subfield>
   <subfield code="p">81232</subfield>
   <subfield code="q">81232</subfield>
   <subfield code="t">NOLOAN</subfield>
   <subfield code="v">vol.12;no.1:(Μήνας)March;(Έτος)2013</subfield>
   <subfield code="y">23</subfield>
  </datafield>
  <datafield tag="852" ind1=" " ind2=" ">
   <subfield code="a">INST</subfield>
   <subfield code="b">UNIPILB</subfield>
   <subfield code="c">SERIALS</subfield>
   <subfield code="e">20131105</subfield>
   <subfield code="h">Αλφαβητική σειρά</subfield>
   <subfield code="p">81233</subfield>
   <subfield code="q">81233</subfield>
   <subfield code="t">NOLOAN</subfield>
   <subfield code="v">vol.12;no.2:(Μήνας)June;(Έτος)2013</subfield>
   <subfield code="y">23</subfield>
  </datafield>
  <datafield tag="852" ind1=" " ind2=" ">
   <subfield code="a">INST</subfield>
   <subfield code="b">UNIPILB</subfield>
   <subfield code="c">SERIALS</subfield>
   <subfield code="e">20131219</subfield>
   <subfield code="h">Αλφαβητική σειρά</subfield>
   <subfield code="p">81670</subfield>
   <subfield code="q">81670</subfield>
   <subfield code="t">NOLOAN</subfield>
   <subfield code="v">vol.12;no.3:(Έτος)2013</subfield>
   <subfield code="y">23</subfield>
  </datafield>
  <datafield tag="852" ind1=" " ind2=" ">
   <subfield code="a">INST</subfield>
   <subfield code="b">UNIPILB</subfield>
   <subfield code="c">SERIALS</subfield>
   <subfield code="e">20140307</subfield>
   <subfield code="h">Αλφαβητική σειρά</subfield>
   <subfield code="p">82281</subfield>
   <subfield code="q">82281</subfield>
   <subfield code="t">NOLOAN</subfield>
   <subfield code="v">vol.12;no.4:(Έτος)2013</subfield>
   <subfield code="y">23</subfield>
  </datafield>
  <datafield tag="900" ind1=" " ind2=" ">
   <subfield code="a">Vol. 1 no. 1 (2014)</subfield>
   <subfield code="b">Οφειλόμενο</subfield>
   <subfield code="c">13/06/2017</subfield>
  </datafield>
  <datafield tag="950" ind1=" " ind2=" ">
   <subfield code="a">01/01/2010</subfield>
   <subfield code="c">EBSCO</subfield>
   <subfield code="d">824</subfield>
  </datafield>
  <datafield tag="951" ind1=" " ind2=" ">
   <subfield code="a">Vol. 12 no. 3 (2013) - Vol. 12 no. 4 (2013)</subfield>
   <subfield code="b">Main run</subfield>
  </datafield>
  <datafield tag="951" ind1=" " ind2=" ">
   <subfield code="a">Vol. 9 no. 1 (2010) - Vol. 10 no. 4 (2011)</subfield>
   <subfield code="b">Main run</subfield>
  </datafield>
  <datafield tag="951" ind1=" " ind2=" ">
   <subfield code="a">Vol. 11 no. 1 (Spring 2012)</subfield>
   <subfield code="b">Main run</subfield>
  </datafield>
  <datafield tag="951" ind1=" " ind2=" ">
   <subfield code="a">Vol. 11 no. 2  (Summer 2012)</subfield>
   <subfield code="b">Main run</subfield>
  </datafield>
  <datafield tag="951" ind1=" " ind2=" ">
   <subfield code="a">Vol. 11 no. 3  (Fall 2012)</subfield>
   <subfield code="b">Main run</subfield>
  </datafield>
  <datafield tag="951" ind1=" " ind2=" ">
   <subfield code="a">Vol. 11 no. 4 (2012)</subfield>
   <subfield code="b">Main run</subfield>
  </datafield>
  <datafield tag="951" ind1=" " ind2=" ">
   <subfield code="a">Vol. 12 no. 1 (March 2013) - Vol. 12 no. 2 (June 2013)</subfield>
   <subfield code="b">Main run</subfield>
  </datafield>
 </record>
</collection>
